| 000 | 00555cab a2200181 4500 | ||
|---|---|---|---|
| 001 | L129817 | ||
| 008 | 050525n2005 000 0 eng u | ||
| 035 | _a(Sirsi) u129817 | ||
| 041 | _aeng | ||
| 100 | _aLawson, David | ||
| 245 | _aFinance: breaking down the terms needed for property investment | ||
| 260 | _c2005 | ||
| 490 |
_aProperty Week _v70(19) 13 May 2005, 96-97(2) |
||
| 520 | _aSets out a glossary of the vocabulary used in property investment. | ||
| 590 | _aIKA070605 | ||
| 690 | _aPROPERTY-PROPERTY FINANCE AND INVESTMENT | ||
| 942 | _n0 | ||
| 999 |
_c75290 _d75290 |
||